Elérte legmagasabb pontját a Szegedi Tudományegyetem Állam- és Jogtudományi Kar épületének felújítása
Elmentve itt :
| További közreműködők: | |
|---|---|
| Dokumentumtípus: | Cikk |
| Megjelent: |
2021-12-10
|
| Sorozat: | SZTE Info
|
| Kulcsszavak: | Bokrétaünnep, Épületfelújítás - Állam- és Jogtudományi Kar - ÁJTK, Kormánytámogatás, Fendler Judit - SZTE kancellár, Trócsányi László - Európai Parlamenti képviselő, Görög Márta - dékán, Juhász Roland - állami vagyongazdálkodásért felelős államtitkár, Együttműködés - Ferroép Zrt., Beruházási, Műszaki Fejlesztési, Sportüzemeltetési és Közbeszerzési Zrt., Egyetemalapítás, Jubileum - centenárium |
| Online Access: | http://univ.bibl.u-szeged.hu/60933 |
| LEADER | 01378nab a2200181 i 4500 | ||
|---|---|---|---|
| 001 | univ60933 | ||
| 005 | 20211211132200.0 | ||
| 008 | 211211s2021 hu o 0|| hun d | ||
| 040 | |a SZTE UnivHistória Repozitórium |b hun | ||
| 041 | |a hun | ||
| 245 | 0 | 0 | |a Elérte legmagasabb pontját a Szegedi Tudományegyetem Állam- és Jogtudományi Kar épületének felújítása |h [elektronikus dokumentum] |
| 260 | |c 2021-12-10 | ||
| 490 | 0 | |a SZTE Info | |
| 561 | |a Egyetemi hirarchívum | ||
| 695 | |a Bokrétaünnep, Épületfelújítás - Állam- és Jogtudományi Kar - ÁJTK, Kormánytámogatás, Fendler Judit - SZTE kancellár, Trócsányi László - Európai Parlamenti képviselő, Görög Márta - dékán, Juhász Roland - állami vagyongazdálkodásért felelős államtitkár, Együttműködés - Ferroép Zrt., Beruházási, Műszaki Fejlesztési, Sportüzemeltetési és Közbeszerzési Zrt., Egyetemalapítás, Jubileum - centenárium | ||
| 700 | 0 | 1 | |a Bobkó Anna |
| 856 | 4 | 0 | |u http://univ.bibl.u-szeged.hu/60933/1/Szegedi%20Tudom%C3%A1nyegyetem%20_%20El%C3%A9rte%20legmagasabb%20pontj%C3%A1t%20a%20Szegedi%20Tudom%C3%A1nyegyetem%20%C3%81llam-%20%C3%A9s%20Jogtudom%C3%A1nyi%20Kar%20%C3%A9p%C3%BClet%C3%A9nek%20fel%C3%BAj%C3%ADt%C3%A1sa.pdf |z Dokumentum-elérés |
| 856 | 4 | 0 | |u http://univ.bibl.u-szeged.hu/60933/2/yt5s.com-SZTE%20%C3%81JTK%20Kupola%20Felhelyez%C3%A9se.mp4 |z Dokumentum-elérés |